Открытия и достижения науки и техники за последние 570 лет. Летопись 1440-2010: свыше 12000 событий

Detalhes bibliográficos
Autor principal: Логвинов В. В. Владимир Васильевич
Resumo:В предлагаемой книге даны краткие описания наиболее значительных и интересных событий в истории естествознания и техники за период с 1440 по 2010 гг., представленные в форме Летописи, где информация систематизирована по общепринятым направлениям и областям. Материал разделен на части по каждому столетию. Отмечены также наиболее выдающиеся деятели научного и технического прогресса. Всего в Летописи выделено свыше 12000 событий. В каждой части основному тексту предшествует набор главных событий века, оказавших наибольшее влияние на дальнейшее развитие науки и техники. Более подробно эти главные открытия и достижения в XV-XX вв. рассмотрены во вступлении. В эпилоге представлен краткий анализ влияния современной науки и техники на ближайшее будущее мировой цивилизации в условиях нарастающего глобального экологического кризиса биосферы Земли и человеческой популяции. В целом книга имеет справочно-энциклопедический характер. В качестве приложений в книге приведены алфавитные списки лауреатов Нобелевской премии по естественным наукам, а также лауреатов других научных премий — премии Крафоорда, премии Шоу и премии Кавли до 2012 года включительно. В списке литературы представлен краткий перечень книг по теме, изданных за последние годы и рассчитанных в основном на массового читателя. Для удобства пользователей дан список использованных интернет-сайтов, приведены обширные именной и предметный указатели. Книга адресована широкому кругу читателей — студентам, учащимся средних школ, преподавателям, а также всем, кого интересуют история и успехи современной науки и техники.
Idioma:russo
Publicado em: Москва, URSS, 2015
Assuntos:
Formato: Livro
KOHA link:https://koha.lib.tpu.ru/cgi-bin/koha/opac-detail.pl?biblionumber=328644

MARC

LEADER 00000nam0a2200000 4500
001 328644
005 20231102004101.0
010 |a 9785971016427 
035 |a (RuTPU)RU\TPU\book\354344 
090 |a 328644 
100 |a 20170221d2015 k y0rusy50 ca 
101 0 |a rus 
102 |a RU 
105 |a y g 001zy 
200 1 |a Открытия и достижения науки и техники за последние 570 лет. Летопись 1440-2010  |e свыше 12000 событий  |f В. В. Логвинов 
210 |a Москва  |c URSS  |c ЛЕНАНД  |d 2015 
215 |a 862 с. 
320 |a Библиогр.: с. 672-678 
320 |a Имен. указ.: с. 679-747 
320 |a Предм. указ.: с. 748-861 
330 |a В предлагаемой книге даны краткие описания наиболее значительных и интересных событий в истории естествознания и техники за период с 1440 по 2010 гг., представленные в форме Летописи, где информация систематизирована по общепринятым направлениям и областям. Материал разделен на части по каждому столетию. Отмечены также наиболее выдающиеся деятели научного и технического прогресса. Всего в Летописи выделено свыше 12000 событий. В каждой части основному тексту предшествует набор главных событий века, оказавших наибольшее влияние на дальнейшее развитие науки и техники. Более подробно эти главные открытия и достижения в XV-XX вв. рассмотрены во вступлении. В эпилоге представлен краткий анализ влияния современной науки и техники на ближайшее будущее мировой цивилизации в условиях нарастающего глобального экологического кризиса биосферы Земли и человеческой популяции. В целом книга имеет справочно-энциклопедический характер. В качестве приложений в книге приведены алфавитные списки лауреатов Нобелевской премии по естественным наукам, а также лауреатов других научных премий — премии Крафоорда, премии Шоу и премии Кавли до 2012 года включительно. В списке литературы представлен краткий перечень книг по теме, изданных за последние годы и рассчитанных в основном на массового читателя. Для удобства пользователей дан список использованных интернет-сайтов, приведены обширные именной и предметный указатели. Книга адресована широкому кругу читателей — студентам, учащимся средних школ, преподавателям, а также всем, кого интересуют история и успехи современной науки и техники. 
606 1 |a Библиографические пособия  |2 stltpush  |3 (RuTPU)RU\TPU\subj\28539  |9 52049 
606 1 |a Научные открытия  |2 stltpush  |3 (RuTPU)RU\TPU\subj\45071 
610 1 |a наука 
610 1 |a техника 
610 1 |a достижения 
610 1 |a открытия 
610 1 |a изобретения 
610 1 |a Нобелевские премии 
610 1 |a премия Шоу 
610 1 |a премия Кавли 
610 1 |a премия Крафоорда 
610 1 |a лауреаты 
610 1 |a 15 век 
610 1 |a 16 век 
610 1 |a 17 век 
610 1 |a 18 век 
610 1 |a 19 век 
610 1 |a 20 век 
610 1 |a 21 век 
610 1 |a летописи 
686 |a Я19  |v LBC/SL-A  |2 rubbk 
686 |a Ч21я1  |v LBC/SL-A  |2 rubbk 
700 1 |a Логвинов  |b В. В.  |g Владимир Васильевич 
801 1 |a RU  |b 63413507  |c 20170221 
801 2 |a RU  |b 63413507  |c 20200127  |g RCR 
942 |c BK 
959 |a 2/20170120  |d 1  |e 899,00  |f ЧЗГЛ:1